000 005440000a22001450004500
008 230817t ||||| |||| 00| 0 eng d
082 _a323.4
_bUNI
110 _aUnited States, National Commission on the Observance of International Women's Year
245 _a"...To from a more Perfect Union...":
_bJustice for American Women
260 _a[Washington] :
_b[Dept. of State],
_c1976
300 _axi, 382 p. : ill. ; 27 cm.
650 _aWOMEN'S RIGHTS-United States
650 _aSex discrimination against women--United States.
942 _cRP
999 _c1515
_d1515